[Event "SC-2011-0-00129"]
[Site "LSS email"]
[Date "2011.12.11"]
[Round "?"]
[White "Correa de Almeida, Claudio"]
[Black "Kravchenko, Daniil"]
[Result "1/2-1/2"]
[WhiteElo "1645"]
[BlackElo "1865"]
[PlyCount "137"]
[EventDate "2011.11.03"]
[EventType "tourn (corr)"]
[EventRounds "6"]
[EventCountry "GER"]
[SourceTitle "Telechess CBM 159"]
[Source "ChessBase"]
[SourceDate "2014.03.17"]
[SourceVersion "1"]
[SourceVersionDate "2014.03.17"]
[SourceQuality "1"]

1. d4 Nf6 2. c4 e6 3. Nf3 d5 4. Nc3 Be7 5. Bf4 0-0 6. e3 Nbd7 7. Qc2 c5 8. dxc5 Nxc5 9. Be2 Bd7 10. 0-0 Nce4 11. Ne5 Rc8 12. Nxd7 Qxd7 13. Nxe4 Nxe4 14. Rad1 Qc6 15. Qb1 dxc4 16. Rd4 Nd6 17. Rfd1 Rfd8 18. Bxd6 Rxd6 19. Rxc4 Rxd1+ 20. Qxd1 Qe8 21. Qb3 Rxc4 22. Qxc4 Qd7 23. g3 g6 24. b3 Qd2 25. a4 Qe1+ 26. Bf1 Qb4 27. Qc7 Bd6 28. Qd7 Bf8 29. Bc4 a6 30. Kf1 Qe7 31. Qc8 Kg7 32. Ke2 h5 33. h4 a5 34. Qb8 Kg8 35. Qc8 b6 36. Qb8 Qc5 37. Qb7 Qd6 38. Qa8 Qd7 39. Qb8 Qc6 40. Qd8 Qd6 41. Qxd6 Bxd6 42. f4 e5 43. Kf3 exf4 44. exf4 Kf8 45. f5 Kg7 46. Bd3 Be7 47. Be4 g5 48. hxg5 Bxg5 49. g4 h4 50. Kg2 Kf6 51. Kh3 Ke5 52. Bc6 f6 53. Bb7 Kd4 54. Bf3 Ke3 55. Bc6 Kd4 56. Bb5 Ke4 57. Be2 Kd4 58. Bc4 Kc3 59. Be6 Kb4 60. Bc4 Kc5 61. Be2 Kd5 62. Bc4+ Ke4 63. Bb5 Ke3 64. Bc4 Kd2 65. Bd5 Kc3 66. Bg8 Kb4 67. Bc4 Kc5 68. Bb5 Kb4 69. Bc4 1/2-1/2